000 00341nam a2200133Ia 4500
008 240624s9999 xx 000 0 und d
041 _aeng
082 _a346.07 PAN
100 _aPANDAB S K
245 _aCAPITAL MARKET AND SECURITIES LAWS MODUL
250 _a(7th ed.)
260 _c2013
_aKolkata
_bLawpoint Publications
365 _cRS
_b15
999 _c21960
_d21960